[Event "FRA Cup"]
[Site "Hautes Pyrenees"]
[Date "2002.12.15"]
[Round "3"]
[White "Thimonier, Victor"]
[Black "Dintrans, Francois"]
[Result "0-1"]
[WhiteElo "1199"]
[BlackElo "1499"]
[PlyCount "44"]
[EventDate "2002.12.15"]
[EventType "team-tourn"]
[EventRounds "3"]
[EventCountry "FRA"]
[SourceTitle "EXT 2004"]
[Source "ChessBase"]
[SourceDate "2003.11.25"]
[SourceVersion "1"]
[SourceVersionDate "2003.11.25"]
[SourceQuality "1"]

1. d4 d6 2. Nf3 Nf6 3. c4 c5 4. Bf4 e5 5. dxe5 dxe5 6. Qxd8+ Kxd8 7. Nxe5 Ke8 8. Nc3 Nc6 9. e4 Bd6 10. Nd3 Bxf4 11. Nxf4 Nd4 12. Bd3 b6 13. 0-0 Bb7 14. Rae1 Rd8 15. e5 Nf3+ 16. gxf3 Rd4 17. exf6+ Kd7 18. fxg7 Rg8 19. Nce2 Rxg7+ 20. Ng2 Rxd3 21. Nef4 Bxf3 22. Nxd3 Rxg2+ 0-1